Zložité obdobie baníctva Slovensko
Problémy slovenského baníctva. Problémy najmä s odbytom produkcie uhlia - súvis s ďalším chodom baní, pracovnými a sociálnymi istotami baníkov. Životnosť baní a jej sociálne dopady. České uhlie a cenové dopady. Stratégia prežitia uhoľného baníctva na Slovensku. Potreba reštrukturalizácie uhoľného ba...
Uložené v:
| Hlavný autor: | |
|---|---|
| Médium: | Kapitola |
| Jazyk: | Slovak |
| Predmet: | |
| Tagy: |
Žiadne tagy, Buďte prvý, kto otaguje tento záznam!
|
MARC
| LEADER | 00000naa a2200000 4500 | ||
|---|---|---|---|
| 001 | r015486 | ||
| 005 | 20221213082150.1 | ||
| 041 | 0 | |a slo | |
| 044 | |a CZ | ||
| 245 | 1 | 0 | |a Zložité obdobie baníctva |b Slovensko |c M. Zábojníková |
| 520 | |a Problémy slovenského baníctva. Problémy najmä s odbytom produkcie uhlia - súvis s ďalším chodom baní, pracovnými a sociálnymi istotami baníkov. Životnosť baní a jej sociálne dopady. České uhlie a cenové dopady. Stratégia prežitia uhoľného baníctva na Slovensku. Potreba reštrukturalizácie uhoľného baníctva. | ||
| 610 | 2 | 0 | |a bane uhoľné |
| 610 | 2 | 0 | |a baníctvo |
| 610 | 2 | 0 | |a Slovensko |
| 100 | 1 | |a Zábojníková, M. | |